000 01546nam a22002537a 4500
003 BJBSDDR
005 20260326125402.0
007 ta
008 260326s2020 nyu||||| |||| 00| 0 eng d
020 _a9781260056082
040 _bspa
_cBJBSDDR
041 _aeng
050 _bB729 2020
100 1 _aBordwell, David Jay,
_d1947-2024
_914800
245 1 0 _aFilm art :
_ban introduction /
_cDavid Bordwell, Kristin Thompson, Jeff Smith
250 _aTwelfth edition
260 _aNew York :
_bMcGraw-Hill Education,
_c2020
300 _a xvii, 494 pages :
_billustrations ;
_c28 cm
505 _aFilm as art: creativity, technology, and business The significance of film form Narrative form The shot: mise-en-scene The shot: cinematography The relation of shot to shot: editing Sound in the cinema Summary: style and film form Film genres Documentary, experimental, and animated films Film criticism: sample analyses Historical changes in film art: conventions and choices, tradition and trends
520 _aFilm Art provides the respected scholarship and analytic tools students need to understand key vocabulary and concepts of film forms, techniques, and history; appreciate a wide variety of classic and contemporary films and the creative choices made by filmmakers to shape the experience of viewers; and analyze films critically and systematically to enrich their understanding and appreciation of any film, in any genre
700 1 _aThompson, Kristin,
_d1950-
_914797
942 _2lcc
_n0
_cBK
946 _icmc
999 _c126701
_d126701